000
00326nam a2200133Ia 4500
005
20251222155120.0
008
251222s9999||||xx |||||||||||||| ||spa||
082
_a
MEQ.217
100
_a
ALONSO JOSEFA.
245
0
_a
Guía médica y de primeros auxilios
250
_a
1ra. ed.
264
_b
Club internacional
942
_c
LIB
999
_c
38395
_d
38395